00547nam a2200157 i 450000100060000000300090000600500170001500700030003200800410003510000380007624500890011426000550020330000280025850000690028685200340035588392ES-MaACL20230906175842.0t|050104s1956 sp ||||1| spa d1 aLandeira de Compostela, Fernando.13aEl relojero Juan Antonio Fernández Lombardero / cFernando Landeira de Compostela. aMadrid : b[s.n., c1956] (fArtes Gráfs. Faure) a8 h. : bil. ; c27 cm. aEs separata de: Cuadernos de Relojería, nº 9, diciembre 1956. aES-MaACLj2000-F-18 bR.41541